| 000 | 02031nam a22003017a 4500 | ||
|---|---|---|---|
| 001 | 7044 | ||
| 003 | FISKH | ||
| 005 | 20250619105624.0 | ||
| 008 | 250619b cb ||||| |||| 00| 0 eng d | ||
| 020 | _a9781402217791 | ||
| 040 |
_aFISKH _beng _cFISKH _dFISKH |
||
| 050 | _aPZ7.S604 H | ||
| 082 | _a823.914 | ||
| 100 |
_aSimon, Francesca _d(1955-) |
||
| 245 |
_aHorrid Henry's : _bStinkbomb / _cFrancesca Simon ; Illustrated by Tony Ross |
||
| 250 | _aThis edition first published in 2009 | ||
| 260 |
_aEast Peoria : _bJabberwocky, _c2009 |
||
| 300 |
_a78 pages : _billustrations ; _c20 cm |
||
| 505 | _aJ | ||
| 520 | _aJuvenile Fiction. Humor (Fiction.) HTML:Age Level: 7 and up | Grade Level: 2 to 5 Horrid Henry and Moody Margaret are a perfect pair. Henry has a secret club that doesn't allow girls in. Margaret has a secret club just for girls, and both Henry and Margaret love to play pranks. But with Perfect Peter and Sour Susan acting as spies, which secret club will win? Plus three other stories that totally don't stink. Francesca Simon is one of the world's best-loved children's authors. She is the only American to have ever won the Galaxy Book Award, and her creation, Horrid Henry, is the #1 bestselling chapter book series in the UK�with a hit TV show and over fi fteen million copies sold! Each book contains four easy-to-read stories and hilarious illustrations by the one and only Tony Ross, so even the most reluctant of readers won't be able to resist Henry's amazing talent for trouble! "Will make you laugh out loud."Sunday Times Horrid Henry uses a stinkbomb as a toxic weapon in his war with Moody Margaret; uses all his tricks to win the school reading competition; goes on a sleepover; and has the joy of seeing his teacher in hot water with the principal. | ||
| 521 | 8 |
_a480
_bLexile |
|
| 521 | 8 |
_aJ
_bRaz-Plus |
|
| 650 |
_2Horrid Henry _aNewkid |
||
| 650 |
_2Children/Youth _aAlicia 4-5 |
||
| 700 |
_aRoss, Tony _dillustrator |
||
| 942 |
_2ddc _cBK _n0 |
||
| 999 |
_c7044 _d7044 |
||